000 00247nam a22001097a 4500
008 170123b xxu||||| |||| 00| 0 eng d
020 _a0893036145
041 _aeng
080 _24TH
_a618.2
245 _aEMERGENCY CARE
_cGRANT, H.D
942 _2udc
_cBK
999 _c3406
_d3406